| 000 | 01843cam a2200397 i 4500 | ||
|---|---|---|---|
| 001 | 14768498 | ||
| 003 | EG-ScBUE | ||
| 005 | 20230116124211.0 | ||
| 008 | 070314t2007 mnua f b 001 0 eng d | ||
| 020 | _a9781589233010 (soft cover) | ||
| 020 | _a1589233018 (soft cover) | ||
| 040 |
_aDLC _beng _erda _cDLC _dDLC _dEG-ScBUE |
||
| 082 | 0 | 4 |
_a747.1 _222 _bSEL |
| 100 | 1 |
_aSeldon, Kimberley, _d1961- _eauthor. |
|
| 245 | 1 | 0 |
_a500 ideas for small spaces : _beasy solutions for living in 1000 square feet or less / _cKimberley Seldon. |
| 246 | 3 |
_aFive hundred ideas for small spaces : _beasy solutions for living in 1000 square feet or less |
|
| 264 | 1 |
_aChanhassen, Minnesota : _bCreative Publishing International, _c[2007] |
|
| 264 | 4 | _cc2007 | |
| 300 |
_a240 pages : _bcolor illustrations ; _c26 cm |
||
| 336 |
_2rdacontent _atext _btxt |
||
| 337 |
_2rdamedia _aunmediated _bn |
||
| 338 |
_2rdacarrier _avolume _bnc |
||
| 504 | _aIncludes bibliographical references and index. | ||
| 520 | _a"A practical guide featuring 500 real-life remodeling, organizing, and decorating tips for making a small home look and function better"--Provided by publisher. | ||
| 650 | 7 |
_aInterior decoration. _2BUEsh |
|
| 650 | 7 |
_aSmall rooms _xDecoration. _2BUEsh |
|
| 650 | 7 |
_aStorage in the home. _2BUEsh |
|
| 650 | 7 |
_aSmall houses. _2BUEsh |
|
| 653 | _bART | ||
| 655 | _vReading book | ||
| 856 | 4 | 1 |
_3Table of contents only _uhttp://www.loc.gov/catdir/toc/ecip0713/2007010819.html |
| 856 | 4 | 2 |
_3Publisher description _uhttp://www.loc.gov/catdir/enhancements/fy0713/2007010819-d.html |
| 856 | 4 | 2 |
_3Contributor biographical information _uhttp://www.loc.gov/catdir/enhancements/fy0737/2007010819-b.html |
| 942 |
_2ddc _cBB |
||
| 999 |
_c10463 _d10463 |
||